000 00288nam a22001097a 4500
008 160614b xxu||||| |||| 00| 0 eng d
020 _a9780763794675
041 _aeng
080 _a618.2
245 _aEvidence-based practice for nurses:
_cNola A. Schmidt; Janet M. Brown;
942 _2udc
_cBK
999 _c2505
_d2505